00629nam a2200169Ia 4500008004100000020001500041041000800056082001900064100004000083245009300123250000600216260005200222300001100274650002700285999001900312952012800331210716s2005 xx 000 0 und d a8120328078 aeng a658.31243 BLAP aBlanchard, P Nick;Thacker, James W. aEffective training: systems strategies and practices.bSystems strategies and practices. a2 aNew DelhibPrentice Hall of India PVt Ltdc2005 axx,508 aTraining & Development c199368d199368 001040708MBAaAIMITbAIMITd2005-09-06g295.00l0o658.31243 BLAPpMBA01933r2026-05-23 00:00:00v236.00w2021-07-16yBK